000
00253nam a2200109Ia 4500
008
220204s9999 xx 000 0 und d
082
_a
82-3
_b
NAR
100
_a
Narayan, R K
245
0
_a
Man-eater of Malgudi
260
_a
Delhi
_b
Hind
_c
1979
942
_c
BK
999
_c
35011
_d
35011